000 01624nam a2200337 c 4500
003 BLK
005 20250329164010.0
008 180409b bul|||||r ||||||| ||bul||
010 _aKNG00112343000
040 _aBLK
041 _aBUL
_cBUL
080 _aПедагогическа психология
_b37.015.3
_x
_z37.015.3
100 1 _aЛюблинска, Анна Александрова
_eпърви автор
_9287321
700 1 _aДобрева, Видослава
_eпрев. от рус.
_9310787
139 _aЛюблинска, Анна Александрова
_bЛ 95
245 1 0 _aЗа психологията на ученика от началната училищна възраст
_bВ помощ на учителите
_cАнна Александрова Люблинска; прев. от рус. Видослава Добрева.
257 _aBGR
260 София
_bНар. просв.
_c1984
_fЯмбол : печ. Г. Димитров
300 _a268 с.
_bс табл.
_c20 см
380 _a3
500 _aОриг. загл. Учителю о психологии младшего школьника / Анна Александровна Люблинская. - 4 407 тир.
650 4 _aДетска и педагогическа психология
_9244538
653 _aпедагогическа психология
653 _aдетска психиатрия
852 _aЦб 129483
856 4 _qpdf
_u
856 4 _qpdf
_u
942 _cKNG
_n0
_09
944 _aCR
_c15.04.2004
_k30575
_lМартин Енчев
944 _aED
_c02.10.2006
_k
999 _c107068
_d107068